000 00494nam a2200193 a 4500
001 BRCA_6669
005 20190320205541.0
008 121011s1914----gw-a######---#000-0#ger-#
041 _ager
044 _agw
050 4 _aQB819
_b.K33 1914
100 1 _aKahn, Fritz
_d1888-1968
_916692
245 1 0 _aDie Milchstrasse
_cvon dr. Fritz Kahn.
260 _aStuttgart, Alemania
_bKosmos
_c1914
300 _a101 p.
_bil.
_c20 cm.
650 1 4 _aVía Láctea
_916693
902 _aGFM
942 _2lcc
_cB
999 _c6353
_d6353